00393nam a2200133Ia 4500008004100000020001500041100001600056245001600072250000700088260004800095300001000143952009100153999001500244211105s9999 xx 000 0 und d aVYASA13081 aNik Douglas 0aTantra Yoga a\N bMunsiram Manahorlal Publishers Pvt.Ltd.c\N a125p. 00104070aSVYASAbSVYASAd2003-06-19l0p08998r2021-11-09 00:00:00w2021-11-09yBKS c6940d6940